00150nam a22000737a 4500003000400000245002700004260003700031300000800068SGT a JOURNAL OF PATHOLOGY bLONDON WILEY INTER SCIENCEc2008 a456